000 00332nam a2200121Ia 4500
008 240731s9999 xx 000 0 und d
022 _a2770-6710
245 0 _aBrain-Apparatus Communication: A Journal of Bacomics
260 _bTaylor & Francis
856 _uhttps://www.tandfonline.com/loi/tbac20
942 _2ddc
942 _cTFEJ
999 _c75660
_d75660
945 _a1
_bMadushi Gamage
_c1
_dMadushi Gamage